National Anthem of Denmark - ''Der er et yndigt land'' - Statistics

General Stats
  • This quiz has been taken 28 times
  • The average score is 36 of 55
Answer Stats
Answer % Correct
Der
100%
er
100%
et
100%
land,
100%
yndigt
100%
bøge
82%
brede
82%
det
82%
står
82%
med
76%
salten
76%
Det
71%
det
71%
det
71%
østerstrand.
71%
er
71%
er
71%
Freja's
71%
Freja's
71%
nær
71%
nær
71%
og
71%
og
71%
østerstrand,
71%
sal,
71%
sal.
71%
salten
71%
bakke,
65%
dal,
65%
Danmark
65%
det
65%
gamle
65%
i
65%
sig
65%
bugter
59%
hedder
59%
blå,
53%
blå.
53%
bølgen
53%
bølgen
53%
bestå,
47%
bøgen
47%
Danmark
47%
gamle
47%
i
47%
i
47%
længe
47%
47%
sin
47%
sin
47%
skal
47%
spejler
47%
top
47%
top
41%
Vort
41%
No matching quizzes found
Score Distribution
Percent of People with Each Score
Percentile by Number Answered
Your Score History
You have not taken this quiz